| 000 | 00446nam a2200181Ia 4500 | ||
|---|---|---|---|
| 003 | GCL | ||
| 008 | 140319s9999 xx 000 0 ara d | ||
| 040 |
_aGCL / _cGCL |
||
| 082 | 0 | 4 |
_aد _b050 _bد هـ |
| 100 | 1 | _aدار الهلال | |
| 245 | 1 | 0 |
_aالهلال / _cدار الهلال |
| 300 | _a194 ص | ||
| 490 |
_aالهلال _v0 |
||
| 650 | 0 | 4 | _aالثقافة |
| 650 | 0 | 4 | _aالفنون |
| 650 | 0 | 4 | _aالدوريات |
| 942 |
_2ddc _cBK |
||
| 999 |
_c27423 _d27423 |
||